LEADER 01499nam--2200445---450- 001 990001214540203316 005 20031023113453.0 035 $a000121454 035 $aUSA01000121454 035 $a(ALEPH)000121454USA01 035 $a000121454 100 $a20031023d1745----km-y0itay0103----ba 101 0$agrc 105 $a||||||||001yy 200 1 $aAeschyli tragodiae superstites$egraeca in eas scholia et deperditarum fragmenta$fEschilo$gcum versione latina et commentario Thomae Stanleii et notis F. Robortelli, A. Turnebi, H. Stephani et G. Canteri$gcurante Joanne Cornelio de Paw cuius notae accedunt Hagae Comitum 210 $a[s.l.]$capud petrum Gosse Filium & Socios$d1745 215 $av. 2$d28 cm. 410 0$12001 454 1$12001 461 1$1001-------$12001 700 1$aAESCHYLUS$0153340 702 1$aSTANLEII,$bThomae 702 1$aROBORTELLI$bF. 702 1$aTURNEBI,$bA. 702 1$aSTEPHANI,$bH. 702 1$aCANTERI ,$bG. 702 1$aPAW de$bJoanne Cornelio 801 0$aIT$bsalbc$gISBD 912 $a990001214540203316 951 $aA 467/I$b48408 L.M.$cA 951 $aA 467/II$b48409 L.M.$cA 959 $aBK 969 $aUMA 979 $aSIAV3$b10$c20031023$lUSA01$h0951 979 $aSIAV3$b10$c20031023$lUSA01$h0954 979 $aSIAV3$b10$c20031023$lUSA01$h1000 979 $aSIAV3$b10$c20031023$lUSA01$h1134 979 $aPATRY$b90$c20040406$lUSA01$h1727 996 $aAeschyli tragodiae superstites$9984582 997 $aUNISA LEADER 01547nam 2200505 450 001 9910555055003321 005 20200707022204.0 010 $a1-119-15262-3 010 $a1-119-15261-5 010 $a1-119-15263-1 035 $a(CKB)4330000000008916 035 $a(MiAaPQ)EBC5733003 035 $a(EXLCZ)994330000000008916 100 $a20190329d2019 uy 0 101 0 $aeng 135 $aurcnu|||||||| 181 $ctxt$2rdacontent 182 $cc$2rdamedia 183 $acr$2rdacarrier 200 00$aCardiac mapping /$fedited by Mohammad Shenasa [and four others] 205 $aFifth edition. 210 1$aHoboken, NJ :$cWiley-Blackwell,$d2019. 215 $a1 online resource (2,503 pages) 311 $a1-119-15259-3 320 $aIncludes bibliographical references and index. 606 $aArrhythmias, Cardiac$xphysiopathology 606 $aArrhythmias, Cardiac$xdiagnosis 606 $aElectrophysiologic Techniques, Cardiac 606 $aElectrocardiography 606 $aCardiac Imaging Techniques 608 $aElectronic books. 615 12$aArrhythmias, Cardiac$xphysiopathology. 615 12$aArrhythmias, Cardiac$xdiagnosis. 615 22$aElectrophysiologic Techniques, Cardiac. 615 22$aElectrocardiography. 615 22$aCardiac Imaging Techniques. 676 $a616.1/28 702 $aShenasa$b Mohammad 801 0$bMiAaPQ 801 1$bMiAaPQ 801 2$bMiAaPQ 906 $aBOOK 912 $a9910555055003321 996 $aCardiac mapping$92819135 997 $aUNINA